[Event "26th Open"]
[Site "Ghent BEL"]
[Date "2003.07.20"]
[Round "3"]
[White "Vroombout,E"]
[Black "Docx,S"]
[Result "0-1"]
[WhiteElo "2165"]
[BlackElo "2334"]

1.d4 Nf6 2.Bg5 Ne4 3.Bh4 d5 4.Nd2 c5 5.e3 Qb6 6.Ngf3 Nc6 7.Bd3 Nxd2 8.Qxd2 c4
9.Be2 Qxb2 10.O-O Bf5 11.Rfb1 Qxc2 12.Qxc2 Bxc2 13.Rxb7 O-O-O 14.Rb2 Bg6
15.Ne1 Rd7 16.Bd1 Rb7 17.Rxb7 Kxb7 18.f3 e6 19.Ba4 Bd6 20.Rc1 Nb4 21.e4 Nxa2
22.Rb1+ Kc7 23.Nc2 Nc3 24.Ra1 Rb8 25.Be1 Nxa4 26.Rxa4 Rb1 27.Rxa7+ Kb6 28.Ra2 Bb4
29.Nxb4 Rxe1+ 30.Kf2 Rb1 31.Nc2 dxe4 32.f4 c3 33.Na3 Rb3 34.Nc4+ Kb5 35.Nd6+ Kb4  0-1

[Event "TCh-Europe u18"]
[Site "Balatonlelle HUN"]
[Date "2003.07.21"]
[Round "3"]
[White "Milovic,J"]
[Black "Zinchenko,Y"]
[Result "1-0"]
[WhiteElo "2223"]
[BlackElo "2322"]

1.d4 Nf6 2.Bg5 Ne4 3.h4 c5 4.dxc5 Qa5+ 5.Nd2 Nxg5 6.hxg5 g6 7.Rh4 Nc6 8.Rc4 d5
9.cxd6 Be6 10.d7+ Bxd7 11.c3 Be6 12.Ra4 Qxg5 13.Ngf3 Qc5 14.Nd4 Bd7 15.e3 Bg7
16.Nb5 Ne5 17.Ne4 Qb6 18.Rb4 O-O 19.Nbd6 Qc6 20.Bb5 Qc7 21.Bxd7 Nxd7 22.Nxb7 a5
23.Rb5 Rfb8 24.Qb3 Qc6 25.Ng5 e6 26.a4 Ra7 27.Nxa5 Rxb5 28.Nxc6 Rxb3 29.Nxa7 Rxb2
30.O-O-O Rb7 31.Nb5 Be5 32.f4 Bb8 33.Ne4 Kg7 34.Kc2 e5 35.Ned6 Bxd6 36.Nxd6 Ra7
37.Nb5 Rb7 38.Kb3 g5 39.fxg5 Kg6 40.Kb4 Kxg5 41.a5 Nb8 42.Rd6 Kg4 43.a6 Nxa6+
44.Rxa6 Kg3 45.Ra2 Rd7 46.c4 Rd3 47.c5 Rxe3 48.c6  1-0

[Event "BCSA Open"]
[Site "Batumi GEO"]
[Date "2003.07.21"]
[Round "5"]
[White "Minasian,Ara"]
[Black "Volokitin,And"]
[Result "1/2-1/2"]
[WhiteElo "2473"]
[BlackElo "2585"]

1.d4 Nf6 2.Bg5 Ne4 3.Bf4 c5 4.f3 Qa5+ 5.c3 Nf6 6.Nd2 cxd4 7.Nb3 Qb6 8.Qxd4 Nc6
9.Qxb6 axb6 10.Be3 e5 11.Bxb6 d5 12.Bc5 Bxc5 13.Nxc5 d4 14.e4 dxe3 15.Ne4 Nd5
16.O-O-O Rxa2 17.Kb1 Ra5 18.b4 Ndxb4 19.cxb4 Nxb4 20.Bc4 f5 21.Nd6+ Ke7 22.Ne2 Rd8
23.Nxc8+ Rxc8 24.Bb3 Rac5 25.Rc1 Nd3 26.Rxc5 Rxc5 27.Rd1 e4 28.fxe4 fxe4
29.Rf1  1/2-1/2

[Event "ch-GBR"]
[Site "Edinburgh SCO"]
[Date "2003.07.21"]
[Round "7"]
[White "Buckley,Si"]
[Black "Barua,D"]
[Result "1-0"]
[WhiteElo "2267"]
[BlackElo "2561"]

1.d4 Nf6 2.Bg5 Ne4 3.Bf4 d5 4.e3 Bf5 5.f3 Nf6 6.c4 c6 7.Qb3 Qb6 8.Nd2 Na6
9.g4 Bg6 10.c5 Qxb3 11.Nxb3 Nb4 12.Kd2 a5 13.Kc3 Ne4+ 14.fxe4 Bxe4 15.a3 Bxh1
16.axb4 axb4+ 17.Kxb4 Rxa1 18.Nxa1 f6 19.Ka5 e5 20.Bg3 Kd7 21.Kb6 Be7 22.Kxb7 Bd8
23.g5 f5 24.Bxe5 Bxg5 25.b4 Bxe3 26.b5 cxb5 27.Bxb5+ Ke6 28.Nh3 Rf8 29.Nf4+ Kf7
30.Bc6 g5 31.Bxd5+ Bxd5+ 32.Nxd5 Bg1 33.c6 f4 34.Nf6 Kg6 35.c7 Bxh2 36.Ng4 Bg1
37.d5 Bc5 38.Nb3 Bb4 39.d6 Bxd6 40.Bxd6 Re8 41.Nd4 h5 42.Ne5+ Kf6 43.Nec6  1-0

[Event "1st Open"]
[Site "Marche Estate ITA"]
[Date "2003.07.21"]
[Round "1"]
[White "Lotti,F"]
[Black "Donati,R"]
[Result "1-0"]
[WhiteElo "2028"]
[BlackElo "2201"]

1.d4 Nf6 2.Bg5 Ne4 3.h4 h6 4.Bf4 e6 5.Nd2 Qf6 6.Be3 d5 7.Nxe4 dxe4 8.Qd2 c5
9.g4 cxd4 10.Bxd4 e5 11.Bc3 Bxg4 12.O-O-O Nc6 13.Qe3 Bf5 14.Bg2 Be7 15.Bxe4 Bxe4
16.Qxe4 Qxf2 17.Nf3 O-O 18.Rdg1 Bc5 19.Bd2 Nd4 20.Nxd4 Qxd4 21.Qg2 e4 22.Bxh6 Kh7
23.e3 Qf6 24.Bf4 Qg6 25.Qe2 Qe6 26.Qh5+ Kg8 27.Qxc5 Qxa2 28.Rxg7+ Kxg7 29.Qg5+  1-0

[Event "BCSA Open"]
[Site "Batumi GEO"]
[Date "2003.07.22"]
[Round "6"]
[White "Tkeshelashvili,S"]
[Black "Chitadze,R"]
[Result "1-0"]
[WhiteElo "2321"]
[BlackElo "2173"]

1.d4 Nf6 2.Bg5 Ne4 3.Bf4 c5 4.f3 Qa5+ 5.c3 Nf6 6.Nd2 cxd4 7.Nb3 Qf5 8.Bxb8 Rxb8
9.Qxd4 b6 10.e4 Qf4 11.Nh3 Qc7 12.e5 Ng8 13.Nf2 Bb7 14.Ne4 Nh6 15.g4 f6 16.exf6 gxf6
17.O-O-O Bg7 18.Bb5 Bc6 19.Bxc6 Qxc6 20.Rhe1 Rd8 21.Nd6+ Kf8 22.Qe3 e6 23.Ne4 Nf7
24.Nd4 Qc7 25.Kb1 a6 26.Ng3 Re8 27.Ndf5 Qc5 28.Nxg7 Qxe3 29.Rxe3 Kxg7 30.Rxd7 Kg6
31.f4 Nh6 32.h3 Rhf8 33.Rd6  1-0

[Event "25th Politiken Cup"]
[Site "Copenhagen DEN"]
[Date "2003.07.22"]
[Round "8"]
[White "Bleis,C"]
[Black "Ward,C"]
[Result "0-1"]
[WhiteElo "2252"]
[BlackElo "2531"]

1.d4 Nf6 2.Bg5 Ne4 3.Bf4 c5 4.c3 cxd4 5.Qxd4 d5 6.Bxb8 Rxb8 7.f3 Nf6 8.Qxa7 Bd7
9.Qd4 Qc7 10.e3 e5 11.Qd2 b5 12.a3 Bc5 13.b4 Bb6 14.Ne2 O-O 15.h3 Rfe8 16.g4 Qa7
17.Kf2 e4 18.f4 Bxg4 19.Nd4 Bf3 20.Rg1 Nh5 21.Bxb5 Nxf4 22.Bf1 Qd7 23.Rg3 Nh5
24.Rg5 h6 25.Rxd5 Qxd5 26.Nxf3  0-1

[Event "Summer"]
[Site "Tel Aviv ISR"]
[Date "2003.07.22"]
[Round "3"]
[White "Drozdov,Alexandre"]
[Black "Reznik,Vi"]
[Result "1-0"]
[WhiteElo "2313"]
[BlackElo "2299"]

1.d4 Nf6 2.Bg5 Ne4 3.Bh4 c6 4.Nd2 Qa5 5.c3 Qh5 6.Nxe4 Qxh4 7.Ng3 d5 8.Nf3 Qf4
9.e3 Qc7 10.Qc2 Nd7 11.Bd3 g6 12.O-O Bg7 13.c4 dxc4 14.Bxc4 O-O 15.b4 e5
16.Rad1 exd4 17.Nxd4 Ne5 18.Be2 Qb6 19.a3 a5 20.b5 a4 21.Rb1 c5 22.Nf3 Be6
23.Nxe5 Bxe5 24.Bc4 Bxg3 25.hxg3 Rfd8 26.Bxe6 Qxe6 27.Qxc5 Rac8 28.Qa7 Qe4
29.Rb4 Qd3 30.Qxb7 Rc2 31.Rbb1 Qxa3 32.b6 Qd6 33.Qe4 Qc6 34.Qe7 Re8 35.Qa7 Qa8
36.Rb4 a3 37.Ra4 Qc6 38.Rxa3 Rb2 39.Ra6 Re6 40.Qb8+ Re8 41.Qa7 Re6 42.Rd1 Kg7
43.b7 Qxa6 44.Qd4+  1-0

[Event "MTO"]
[Site "Biel SUI"]
[Date "2003.07.23"]
[Round "3"]
[White "Kuemin,S"]
[Black "Pahud,C"]
[Result "1-0"]
[WhiteElo "2399"]
[BlackElo "2189"]

1.d4 Nf6 2.Bg5 Ne4 3.Bf4 c5 4.f3 Qa5+ 5.c3 Nf6 6.d5 e6 7.e4 exd5 8.exd5 d6
9.Na3 Be7 10.Ne2 O-O 11.Ng3 a6 12.Nc4 Qc7 13.a4 b6 14.Kf2 Re8 15.h4 Bf8 16.Qd2 Nbd7
17.h5 Ne5 18.h6 g6 19.Bg5 Nxc4 20.Bxc4 Nd7 21.Nh5 f5 22.Rae1 Rxe1 23.Rxe1 b5
24.axb5 axb5 25.Bxb5 gxh5 26.Be7 Ne5 27.Qg5+ Ng6 28.Bxf8 Bd7 29.Qf6 Bxb5
30.Re7  1-0

[Event "ch-NED Open"]
[Site "Dieren NED"]
[Date "2003.07.23"]
[Round "2"]
[White "Wilgenhof,O"]
[Black "Smeets,J"]
[Result "0-1"]
[WhiteElo "2247"]
[BlackElo "2477"]

1.d4 Nf6 2.Bg5 Ne4 3.Bf4 c5 4.f3 Qa5+ 5.c3 Nf6 6.dxc5 Qxc5 7.e4 e5 8.b4 Qc7
9.Be3 d6 10.c4 a5 11.bxa5 Qxa5+ 12.Qd2 Be7 13.Qxa5 Rxa5 14.Nc3 Be6 15.Rb1 Nbd7
16.Rxb7 O-O 17.Bd3 Rc8 18.Nge2 Kf8 19.Kd2 Bxc4 20.Bxc4 Rxc4 21.Ra7 Bd8 22.Rb1 Rxa7
23.Bxa7 Ke7 24.Rb5 Rc6 25.a4 Ra6 26.Rb7 Ke6 27.Kc2 Ra5 28.Kb3 d5 29.exd5+ Nxd5
30.Nxd5 Rxd5 31.Rb5 Rd2 32.Nc3 Rxg2 33.a5 Bxa5 34.Rxa5 Rxh2 35.Ne4 h5 36.Ra6+ Kf5
37.Be3 h4 38.Nd6+ Kg6 39.Ra7 Re2 40.Bc1 h3 41.Bb2 Re1 42.Ne4 Nc5+  0-1

[Event "ch-GBR"]
[Site "Edinburgh SCO"]
[Date "2003.07.24"]
[Round "10"]
[White "Bigg,A"]
[Black "Hunt,A"]
[Result "1/2-1/2"]
[WhiteElo "2287"]
[BlackElo "2395"]

1.d4 Nf6 2.Bg5 Ne4 3.h4 c5 4.d5 Qb6 5.Nd2 Nxd2 6.Bxd2 Qxb2 7.e4 e6 8.Rh3 Qd4
9.Bd3 c4 10.Ne2 Qe5 11.f4 Qh5 12.Bxc4 Bc5 13.Nc3 Qxd1+ 14.Rxd1 a6 15.a4 d6
16.Rg3 O-O 17.h5 Bd4 18.h6 g6 19.dxe6 Bxe6 20.Nd5 Nc6 21.Bc1 Bh8 22.Ba3 Rad8
23.Rb1 Rfe8 24.Kd2 Rc8 25.f5 Na5 26.Ba2 Bxd5 27.Bxd5 Nc4+ 28.Kd1 Be5 29.fxg6 hxg6
30.Rf3 Rc7 31.Bc1 Ree7 32.g4 Bd4 33.Rb4 Ne5 34.Rfb3 Bc5 35.Rxb7 Nxg4 36.Rxc7 Rxc7
37.Rg3 Ne5 38.Bf4 Kh7 39.Bxe5 dxe5 40.Rf3 Kxh6 41.Rxf7 Rxf7 42.Bxf7 g5 43.Bc4 Kh5
44.Bxa6 Kg4 45.Ke2 Kf4 46.Kd3 Ba7 47.a5 g4 48.Bc8 g3 49.Bh3 Kf3 50.a6 Kf2
51.Kc4 Kg1 52.Kd5 Kh2 53.Bf1 Kg1 54.Bh3 Kh2 55.Bf1 Kg1  1/2-1/2

[Event "BCSA Open"]
[Site "Batumi GEO"]
[Date "2003.07.25"]
[Round "9"]
[White "Grigoryan,A"]
[Black "Chibukhchian,A"]
[Result "0-1"]
[WhiteElo "2213"]
[BlackElo "2370"]

1.d4 Nf6 2.Bg5 Ne4 3.Bf4 d6 4.f3 Nf6 5.e4 Nbd7 6.Ne2 e5 7.Be3 c6 8.c4 a6
9.d5 cxd5 10.cxd5 Be7 11.Nd2 b5 12.a4 bxa4 13.Qxa4 O-O 14.Nc4 Ne8 15.Na5 Bg5
16.Nc6 Qf6 17.Qa3 Bxe3 18.Qxe3 g6 19.Nc3 Nc7 20.b4 Bb7 21.Na5 Bxd5 22.exd5 Qh4+
23.g3 Qxb4 24.Nc6 Nxd5 25.Nxb4 Nxe3 26.Kf2 Rfc8 27.Nbd5 Nxd5 28.Nxd5 Rc2+
29.Be2 Nc5 30.Ne3 Nd3+ 31.Kf1 Rc1+ 32.Rxc1 Nxc1 33.Bc4 Rb8 34.Kg2 Rb2+ 35.Kh3 Ne2
36.Bxa6 Nd4 37.Rf1 Rb3 38.Ng4 h5 39.Nf6+ Kg7 40.Bc4 Kxf6 41.Bxb3 Nxb3 42.g4 Kg5
43.gxh5 Kxh5 44.Kg3 Nd4 45.Ra1 Nf5+ 46.Kf2 Kg5 47.Ra7 f6 48.Ra1 d5 49.Rd1 d4
50.Rg1+ Kh5 51.Ke2 g5 52.Kd3 Nh4 53.Rf1 f5 54.Rf2 Nxf3  0-1

[Event "KB Czech Open"]
[Site "Pardubice CZE"]
[Date "2003.07.25"]
[Round "8"]
[White "Vysochin,S"]
[Black "Holzke,F"]
[Result "1-0"]
[WhiteElo "2560"]
[BlackElo "2477"]

1.d4 Nf6 2.Bg5 Ne4 3.Bf4 c5 4.f3 Qa5+ 5.c3 Nf6 6.Nd2 cxd4 7.Nb3 Qb6 8.cxd4 Nc6
9.e4 e5 10.dxe5 Bb4+ 11.Bd2 Nxe5 12.Bxb4 Qxb4+ 13.Qd2 Qe7 14.O-O-O d5 15.exd5 O-O
16.d6 Qe6 17.Ne2 Nc4 18.Qd4 Rd8 19.Nc3 Nxd6 20.Bc4 Qd7 21.Rhe1 Qc6 22.Nb5 Be6
23.Nxd6 Rxd6 24.Qxd6 Qxc4+ 25.Kb1 Re8 26.Ka1 Qa4 27.Nc5  1-0

[Event "IV CMA Futurity"]
[Site "Toronto CAN"]
[Date "2003.07.26"]
[Round "3"]
[White "Moiseenko,A"]
[Black "Peredun,A"]
[Result "1-0"]
[WhiteElo "2618"]
[BlackElo "2306"]

1.d4 Nf6 2.Bg5 Ne4 3.Bf4 c5 4.f3 Qa5+ 5.c3 Nf6 6.d5 d6 7.e4 e5 8.Be3 Be7
9.a4 O-O 10.Bd3 Nh5 11.Ne2 g6 12.Na3 f5 13.exf5 gxf5 14.Qc2 Qd8 15.Ng3 Ng7
16.Bh6 Qd7 17.O-O Na6 18.Nc4 Nc7 19.Ne3 c4 20.Nxc4 Nce8 21.Kh1 Rf6 22.Bg5 Rf7
23.Bxe7 Qxe7 24.f4 e4 25.Be2 Nf6 26.Ne3 h5 27.Rfc1 h4 28.Ngf1 Ngh5 29.Bxh5 Nxh5
30.Qf2 Bd7 31.b4 Kh8 32.c4 Rg8 33.c5 Rh7 34.c6 Bc8 35.Ra2 Qf8 36.cxb7 Bxb7
37.Rac2 Qh6 38.Rc7 Qxf4 39.Qb2+ Qe5 40.Qxe5+ dxe5 41.Nxf5 h3 42.Rxh7+ Kxh7
43.g4 Bxd5 44.N1e3 Nf4 45.Ne7 Rd8 46.N7xd5 Nxd5 47.Rd1 Nxe3 48.Rxd8 Nxg4
49.Kg1 e3 50.Rd1 Kg6 51.b5 e4 52.a5 Ne5 53.b6 axb6 54.axb6 e2 55.Re1 Nd7
56.b7  1-0

[Event "IV CMA Futurity"]
[Site "Toronto CAN"]
[Date "2003.07.26"]
[Round "3"]
[White "Moiseenko,A"]
[Black "Peredun,A"]
[Result "1-0"]
[WhiteElo "2618"]
[BlackElo "2306"]

1.d4 Nf6 2.Bg5 Ne4 3.Bf4 c5 4.f3 Qa5+ 5.c3 Nf6 6.d5 d6 7.e4 e5 8.Be3 Be7
9.a4 O-O 10.Bd3 Nh5 11.Ne2 g6 12.Na3 f5 13.exf5 gxf5 14.Qc2 Qd8 15.Ng3 Ng7
16.Bh6 Qd7 17.Nc4 Na6 18.O-O Nc7 19.Ne3 c4 20.Nxc4 Nce8 21.Kh1 Rf6 22.Bg5 Rf7
23.Bxe7 Qxe7 24.f4 e4 25.Be2 Nf6 26.Ne3 h5 27.Rfc1 h4 28.Ngf1 Ngh5 29.Bxh5 Nxh5
30.Qf2 Bd7 31.b4 Kh8 32.c4 Rg8 33.c5 Rh7 34.c6 Bc8 35.Ra2 Qf8 36.cxb7 Bxb7
37.Rac2 Qh6 38.Rc7 Qxf4 39.Qb2+ Qe5 40.Qxe5+ dxe5 41.Nxf5 h3 42.Rxh7+ Kxh7
43.g4 Bxd5 44.N1e3 Nf4 45.Ne7 Rd8 46.N7xd5 Nxd5 47.Rd1 Nxe3 48.Rxd8 Nxg4
49.Kg1 e3 50.Rd1 Kg6 51.b5 e4 52.a5 Ne5 53.b6 axb6 54.axb6 e2 55.Re1 Nd7
56.b7  1-0

[Event "Futurity"]
[Site "Kitchener CAN"]
[Date "2003.07.27"]
[Round "4"]
[White "Panjwani,R"]
[Black "Garcia,A URU"]
[Result "1-0"]
[WhiteElo "2073"]
[BlackElo "2125"]

1.d4 Nf6 2.Bg5 Ne4 3.Bf4 d5 4.e3 Nd7 5.f3 Nd6 6.Nc3 Nf6 7.Bd3 c6 8.e4 Nc4
9.Bxc4 dxc4 10.a4 Nh5 11.Be3 e5 12.dxe5 Qxd1+ 13.Rxd1 g6 14.Nge2 Ng7 15.O-O Ne6
16.f4 Bh6 17.g4 Nc7 18.g5 Bf8 19.f5 Bb4 20.Na2 Ba5 21.e6 gxf5 22.exf5 fxe6
23.f6 O-O 24.f7+ Kg7 25.Bd4+ Kg6 26.Rf6+ Kxg5 27.h4+ Kxh4 28.Rf4+ Kh5 29.Bg7 e5
30.Bxf8 exf4 31.Nxf4+ Kg4 32.Bd6 Bf5 33.Rf1 Bd2 34.Bxc7 Rf8 35.Ng2 Rxf7 36.Bf4 Bxf4
37.Rxf4+ Kg5 38.Rxc4 Re7 39.Nc1 Rd7 40.Ne2 Rd2 41.Nd4 Rd1+ 42.Kf2 Bg6 43.Nf3+ Kf6
44.Nf4 Bf7 45.Rc5 Ke7 46.Ng5 Bg8 47.Ne4 Bd5 48.Nxd5+ cxd5 49.Nc3 Kd6 50.Nxd1 Kxc5
51.Ke3 h5 52.Kf4 h4 53.Kg4 Kb4 54.Kxh4 d4 55.Kg4 Kxa4 56.Kf4 Kb4 57.Ke4 Kc4
58.b3+ Kc5 59.Nb2 Kb4 60.Kxd4 b5 61.Nd3+  1-0

[Event "IV CMA Futurity"]
[Site "Toronto CAN"]
[Date "2003.07.27"]
[Round "5"]
[White "Moiseenko,A"]
[Black "Wang,H"]
[Result "1-0"]
[WhiteElo "2618"]
[BlackElo "2226"]

1.d4 Nf6 2.Bg5 Ne4 3.Bf4 c5 4.f3 Qa5+ 5.c3 Nf6 6.d5 Qb6 7.b3 e6 8.e4 exd5
9.exd5 Bd6 10.Bg5 Be7 11.Ne2 Qd6 12.Na3 O-O 13.Nb5 Qb6 14.d6 Qxb5 15.dxe7 Re8
16.Bxf6 gxf6 17.Nf4 Rxe7+ 18.Kf2 Qc6 19.Bc4 Re5 20.Re1 d6 21.Rxe5 fxe5 22.Nd5 Kf8
23.Qd2 a6 24.Qh6+ Ke8 25.Qf6  1-0

[Event "IV CMA Futurity"]
[Site "Toronto CAN"]
[Date "2003.07.27"]
[Round "5"]
[White "Bellon Lopez,JuM"]
[Black "Peredun,A"]
[Result "1-0"]
[WhiteElo "2423"]
[BlackElo "2306"]

1.d4 Nf6 2.Bg5 Ne4 3.Bh4 c5 4.f3 g5 5.fxe4 gxh4 6.e3 Bh6 7.Nd2 e6 8.Nc4 d5
9.Qh5 Bg7 10.exd5 exd5 11.Ne5 Qe7 12.Ngf3 a6 13.O-O-O Nc6 14.Nxh4 Nxe5 15.dxe5 Be6
16.Be2 O-O-O 17.Bf3 Kb8 18.Rd2 Qc7 19.Rhd1 Qxe5 20.Qxe5+ Bxe5 21.Bxd5 Bxh2
22.Nf3 Bc7 23.Bxe6 fxe6 24.Ng5 Rde8 25.Rd7 Rhg8 26.Ne4 Rxg2 27.Rxh7 Rf8 28.Re7 Rh8
29.Rxe6 Rhh2 30.Nd2 b6 31.c3 Kb7 32.Kc2 c4 33.b3 b5 34.bxc4 bxc4 35.Re4 Bb6
36.Kc1 Re2 37.Nxc4 Rc2+ 38.Kb1 Rxc3 39.Re7+ Bc7 40.Nd6+ Kc6 41.Nf5 Rc4 42.Nd4+ Kb6
43.Rd3 Rb4+ 44.Nb3 Rc4 45.Nd2 Rc5 46.Rb3+ Rb5 47.Kc2 Rxb3 48.axb3 Bd6 49.Re6 Kc7
50.Kd3 Bb4 51.Nc4 a5 52.Nb6 Rd2+ 53.Kc4 Rc2+ 54.Kb5 Rb2 55.Rc6+ Kd8 56.Kc4 Ke8
57.e4 Kf7 58.Nd5 Be1 59.Rf6+ Ke8 60.Rf1 Bg3 61.Rf3 Bd6 62.Kb5 Ra2 63.e5 Be7
64.e6 Rd2 65.Nxe7 Kxe7 66.Kxa5 Kxe6 67.b4 Kd7 68.Rc3 Ra2+ 69.Kb6 Ra1 70.b5 Ra2
71.Kb7 Ra1 72.Rd3+ Ke7 73.b6  1-0

[Event "Summer"]
[Site "Tel Aviv ISR"]
[Date "2003.07.28"]
[Round "8"]
[White "Drozdov,Alexandre"]
[Black "Shutzman,J"]
[Result "1/2-1/2"]
[WhiteElo "2313"]
[BlackElo "2244"]

1.d4 Nf6 2.Bg5 Ne4 3.Bf4 c5 4.f3 Nf6 5.dxc5 Qa5+ 6.Nc3 Qxc5 7.e4 d6 8.Qd2 a6
9.O-O-O Nbd7 10.Nh3 b5 11.Nf2 Bb7 12.Nd3 Qc7 13.g4 Rc8 14.h4 e5 15.Bh2 Nb6
16.g5 Nc4 17.Qe1 Nd7 18.Bh3 Rd8 19.f4 Be7 20.Rf1 Qb6 21.Bg1 Qa5 22.Kb1 O-O
23.Nd5 Bxd5 24.exd5 Qxe1 25.Rfxe1 f5 26.Bf1 Rc8 27.Nb4 Bd8 28.Nc6 h6 29.b3 Na5
30.Nxd8 Rcxd8 31.Be3 hxg5 32.hxg5 Rc8 33.Bd2 Nb7 34.a4 bxa4 35.bxa4 Nbc5
36.a5 Kf7  1/2-1/2

[Event "IV CMA Futurity"]
[Site "Toronto CAN"]
[Date "2003.07.29"]
[Round "7"]
[White "Bellon Lopez,JuM"]
[Black "Wang,H"]
[Result "1-0"]
[WhiteElo "2423"]
[BlackElo "2226"]

1.d4 Nf6 2.Bg5 Ne4 3.Bh4 c5 4.f3 g5 5.fxe4 gxh4 6.e3 Bh6 7.Nd2 Qb6 8.Nc4 Qg6
9.dxc5 Na6 10.Nf3 Bg7 11.Qd5 Qc6 12.Nxh4 Nxc5 13.Nf5 Bf6 14.O-O-O Qxd5 15.exd5 d6
16.Ng3 Bd7 17.Be2 b5 18.Na3 a6 19.c3 Rc8 20.Nc2 a5 21.Nd4 b4 22.c4 e6 23.Kb1 Ke7
24.Rhf1 Be5 25.Nh5 Rhg8 26.g3 a4 27.Nf3 Bh8 28.Nd2 a3 29.b3 Ra8 30.Nf4 Rgc8
31.dxe6 fxe6 32.Nd3 Be8 33.Nxc5 Rxc5 34.Bd3 Re5 35.Bxh7 Rxe3 36.Rde1 Rxe1+
37.Rxe1 Bc3 38.Kc2 Bf7 39.Be4 Rf8 40.h3 Rg8 41.g4 Rh8 42.Rh1 d5 43.cxd5 exd5
44.Bd3 Rc8 45.Kd1 Kd6 46.Rf1 Bg8 47.h4 Re8 48.Rf3 Be6 49.Bf5 Bxf5 50.Rxf5 Re3
51.Rf2 Rg3 52.g5 Rh3 53.Nf3 Ke6 54.Ke2 Rh1 55.Rf1 Rh3 56.Kf2 Kf5 57.Kg2 Kg4
58.Nh2+  1-0

[Event "Open"]
[Site "Olomouc CZE"]
[Date "2003.07.30"]
[Round "1"]
[White "Shpagin,V"]
[Black "Shushpanov,V"]
[Result "0-1"]
[WhiteElo "1988"]
[BlackElo "2395"]

1.d4 Nf6 2.Bg5 Ne4 3.Bf4 c5 4.f3 Nf6 5.d5 Qb6 6.Be5 d6 7.Bc3 e6 8.e4 exd5
9.exd5 Be7 10.Nd2 Qc7 11.a4 Nxd5 12.Bxg7 Ne3 13.Qc1 Rg8 14.Bh6 Nxg2+ 15.Bxg2 Rxg2
16.Kf1 Rg6 17.Be3 d5  0-1

[Event "IPCA World Cup"]
[Site "Hrabyne CZE"]
[Date "2003.08.03"]
[Round "3"]
[White "Cempel,J"]
[Black "Orzechowski,J"]
[Result "0-1"]
[WhiteElo "2239"]
[BlackElo "2264"]

1.d4 Nf6 2.Bg5 Ne4 3.Bf4 c5 4.f3 Nf6 5.dxc5 Qa5+ 6.Qd2 Qxc5 7.e4 d6 8.Be3 Qc7
9.c4 e6 10.Nc3 a6 11.g4 Be7 12.Bd3 h6 13.Be2 Nbd7 14.Rc1 b6 15.Nh3 Bb7 16.Nf2 Rc8
17.O-O Qb8 18.Rfd1 O-O 19.g5 hxg5 20.Bxg5 Rfe8 21.Kh1 d5 22.cxd5 exd5 23.Bxf6 Nxf6
24.Nxd5 Nxd5 25.exd5 Rxc1 26.Rxc1 Qe5 27.Ng4 Qxd5 28.Qxd5 Bxd5 29.Rd1 Bxa2
30.Bxa6 Rd8 31.Rxd8+ Bxd8 32.Bd3 Bc7 33.Ne3 Be5 34.b4 Bd4 35.Nc4 Kf8 36.Kg2 Ke7
37.f4 g6 38.f5 gxf5 39.Bxf5 Bxc4  0-1

[Event "Ron Banwell Masters"]
[Site "Blackpool ENG"]
[Date "2003.08.04"]
[Round "1"]
[White "Walton,A"]
[Black "Howell,D"]
[Result "0-1"]
[WhiteElo "2158"]
[BlackElo "2323"]

1.d4 Nf6 2.Bg5 Ne4 3.Bf4 c5 4.f3 Qa5+ 5.c3 Nf6 6.Nd2 cxd4 7.Nb3 Qb6 8.Qxd4 Nc6
9.Qxb6 axb6 10.Nd4 Ra5 11.Nb3 Ra8 12.Nd4 e5 13.Nxc6 exf4 14.Nd4 d5 15.e3 fxe3
16.Ke2 g6 17.Kxe3 Bh6+ 18.Kf2 O-O 19.Bd3 Re8 20.Nge2 Be3+ 21.Kf1 Nd7 22.Nc2 Bh6
23.Nb4 Ne5 24.Bb5 Rd8 25.Rd1 Be6 26.Nd4 Bf8 27.Re1 Bd6 28.a3 Ra5 29.Nbc2 Bc8
30.Re3 Nc4 31.Bxc4 dxc4 32.Kf2 Rh5 33.h3 Bc5 34.g4 Rhd5 35.Rhe1 Bd7 36.Re5 Rxe5
37.Rxe5 Ba4 38.Ke2 Kg7 39.Re4 Kf6 40.f4 Re8 41.Kf3 Rxe4 42.Kxe4 Bxc2+ 43.Nxc2 Ke6
44.Nd4+ Kd6 45.Nf3 f6 46.h4 h5 47.Nd2 hxg4 48.f5 g3 49.Nxc4+ Kc6 50.Kf3 gxf5
51.Kxg3 Kd5 52.Nd2 Be3 53.Nf1 Bc1 54.b3 Ke4 55.Kf2 Kd3 56.Ng3 Bxa3 57.Nxf5 Kxc3
58.h5 Bf8 59.Ne3 Kxb3 60.Nd5 f5 61.Ne3 b5 62.Nxf5 Kc3 63.Ke2 b4 64.Kd1 Kb2
65.Nd4 b3 66.Nb5 Bg7  0-1

[Event "10th Summer Open"]
[Site "Nice FRA"]
[Date "2003.08.04"]
[Round "1"]
[White "Miladinovic,I"]
[Black "Ribreau,H"]
[Result "1-0"]
[WhiteElo "2609"]
[BlackElo "2205"]

1.d4 Nf6 2.Bg5 Ne4 3.h4 c5 4.dxc5 Qa5+ 5.Nd2 g6 6.c3 Nxg5 7.Nb3 Qc7 8.hxg5 Bg7
9.Nf3 Na6 10.Qd5 Rb8 11.Nfd4 b5 12.c6 e6 13.Qe4 d5 14.Qd3 b4 15.Rc1 bxc3
16.bxc3 Qe7 17.Qg3 e5 18.e3 Nc7 19.Nc2 Bf5 20.Be2 a5 21.Qh4 a4 22.Nd2 d4
23.cxd4 Rb2 24.e4 exd4 25.exf5 Rxc2 26.Rxc2 d3 27.Qe4 Qxe4 28.Nxe4 dxc2 29.Kd2 gxf5
30.Nd6+ Kf8 31.Kxc2 Ne6 32.Rd1 f4 33.Bg4 Be5 34.Bxe6 Bxd6 35.Rxd6 Ke7 36.Rd4 fxe6
37.Rxf4 Rc8 38.Rc4 Rc7 39.Kc3 Kd6 40.Kb4 Kd5 41.Rc1  1-0

[Event "10th Summer Open"]
[Site "Nice FRA"]
[Date "2003.08.04"]
[Round "1"]
[White "Ruiz,R"]
[Black "Komljenovic,D"]
[Result "0-1"]
[WhiteElo "2152"]
[BlackElo "2434"]

1.d4 Nf6 2.Bg5 Ne4 3.h4 c5 4.dxc5 Nc6 5.Nd2 Nxc5 6.e4 d5 7.exd5 Qxd5 8.Ngf3 Bf5
9.Bc4 Qd7 10.O-O f6 11.Be3 e5 12.c3 Nd3 13.b4 Nb2 14.Qc1 Nxc4 15.Nxc4 Qf7
16.Nb2 Be7 17.Na4 b6 18.Nd2 O-O 19.Nb2 Rac8 20.Qd1 Rfd8 21.Qe2 Be6 22.a3 Bf8
23.f4 Qg6 24.Rac1 e4 25.Qf2 f5 26.Rfd1 Be7 27.Kh2 Qf6 28.g3 Bf7 29.b5 Na5
30.Bd4 Qe6 31.a4 Bh5 32.Re1 Qa2 33.Rb1 h6 34.Nf1 Kh7 35.Nd3 Qxf2+ 36.Nxf2 Bf7
37.Ne3 g6 38.h5 Nb3 39.hxg6+ Kxg6 40.Be5 Nd2 41.g4 fxg4 42.Rg1 Nf3+ 43.Kh1 Nxe5
44.fxe5 Bg5 45.Nfxg4 Rxc3 46.Rbf1 Be6 47.Rg2 Rd4 48.Kh2 Rxa4 49.Rgf2 Bxg4
50.Nxg4 e3 51.Rg2 e2 52.Re1 Kf5 53.Nf2 Re3 54.Nh1 Bf4+ 55.Kg1 Rae4 56.Nf2 Bg3
57.e6 Rxe6 58.Kh1 h5 59.Kg1 h4 60.Kh1 R6e5  0-1

[Event "WYol u16"]
[Site "Denizli TUR"]
[Date "2003.08.08"]
[Round "7"]
[White "Gupta,Ab"]
[Black "Boros,De"]
[Result "1/2-1/2"]
[WhiteElo "2289"]
[BlackElo "2334"]

1.d4 Nf6 2.Bg5 Ne4 3.Bf4 c5 4.f3 Nf6 5.dxc5 Qa5+ 6.Nc3 Qxc5 7.e4 Nh5 8.Bd2 Nf6
9.Bf4 Nh5 10.Bd2 d6 11.g4 Nf6 12.g5 Ng8 13.Qe2 e6 14.Be3 Qa5 15.O-O-O a6
16.Qf2 Nd7 17.Nge2 b5 18.Nd4 Bb7 19.Kb1 Rc8 20.Bd3 Nc5 21.h4 e5 22.Nb3 Qc7
23.Bf1 Ne6 24.Bh3 Rb8 25.Bb6 Qe7 26.Na5 b4 27.Nd5 Bxd5 28.exd5 Nf4 29.Nc6 Nxh3
30.Qe3 Qb7 31.Nxb8 Nf4 32.Nc6 Ne7 33.Na5 Qb8 34.Nc6 Qb7 35.Nxb4 Nexd5 36.Nxd5 Nxd5
37.Qe4 Nc3+ 38.bxc3 Qxb6+ 39.Qb4 Qc6 40.Qb8+ Kd7 41.Rd3 Qb5+ 42.Qxb5+ axb5
43.f4 f6 44.fxe5 fxe5 45.Kb2 Be7 46.Kb3 Ra8 47.Rd5 Kc6 48.Rd2 d5 49.Rhd1 Rd8
50.Rf2 Kd6 51.Rf7 Rg8 52.Rdf1 Ke6 53.h5 Bxg5 54.Rb7 e4 55.Rxb5 Bd2 56.Rf2 e3
57.Rg2 Rf8 58.Rb6+ Kf5 59.Rb7 Ke4 60.Rbxg7 Rf2 61.Rg1 e2 62.Re7+ Kf3 63.a4 Rf1
64.Rxe2 Kxe2 65.Rxf1 Kxf1 66.a5 Ke2 67.a6 Be3 68.c4 dxc4+ 69.Kxc4 Kd2 70.c3 Ba7
71.h6 Kc2 72.Kb4 Kd3 73.Kb3 Bc5 74.c4 Kd4 75.Kc2 Kxc4 76.Kd2 Kb5 77.Ke2 Kxa6
78.Kf3 Bf8 79.Kg2 Bxh6 80.Kh2 Kb5 81.Kg2 Kc4 82.Kh2 Kd3 83.Kg2 Ke2 84.Kh2 Kf3
85.Kg1 Kg3 86.Kh1  1/2-1/2

[Event "ch-Nordic w"]
[Site "Stockholm SWE"]
[Date "2003.08.10"]
[Round "9"]
[White "Breen,V"]
[Black "Jiretorn,E"]
[Result "1/2-1/2"]
[WhiteElo "1998"]
[BlackElo "2146"]

1.d4 Nf6 2.Bg5 Ne4 3.Bf4 c5 4.d5 Qb6 5.Bc1 g6 6.f3 Nf6 7.e3 Bg7 8.Na3 d6
9.Ne2 O-O 10.Ng3 a6 11.Be2 Qc7 12.O-O b5 13.c3 Nbd7 14.e4 Bb7 15.f4 e6 16.c4 bxc4
17.dxe6 fxe6 18.Nxc4 d5 19.e5 Ne8 20.Bg4 Kf7 21.Nd2 Qb6 22.Kh1 Kg8 23.b3 Bh6
24.Nde4 Rd8 25.Nc3 Ng7 26.Na4 Qb4 27.Bd2 Qb5 28.Rc1 Rc8 29.Be2 Qc6 30.Be3 Nxe5
31.Nxc5 d4 32.Nxb7 Qxb7 33.Qxd4 Nd7 34.Qa4 Rxc1 35.Rxc1 e5 36.Bxa6 Qb8 37.Qxd7 exf4
38.Rc8 Rxc8 39.Bxc8 Qe5 40.Qd8+ Ne8  1/2-1/2

[Event "It"]
[Site "Lviv UKR"]
[Date "2003.08.14"]
[Round "7"]
[White "Hryhorenko,N"]
[Black "Rouillon,L"]
[Result "0-1"]
[WhiteElo "2217"]
[BlackElo "2162"]

1.d4 Nf6 2.Bg5 Ne4 3.Bh4 d5 4.f3 Nd6 5.Nc3 g6 6.e4 dxe4 7.fxe4 Bg7 8.Nf3 O-O
9.Bd3 Nc6 10.Ne2 Qe8 11.Qd2 e5 12.d5 Nd4 13.O-O Nxf3+ 14.Rxf3 f5 15.Nc3 f4
16.a4 a6 17.Nd1 h6 18.c4 g5 19.Be1 Nf5 20.exf5 e4 21.Rf1 exd3 22.Qxd3 Bxf5
23.Qb3 f3 24.Ne3 Be4 25.Bb4 fxg2 26.Rxf8+ Bxf8 27.Re1 Bg7 28.Bc3 Bf8 29.Bd4 Qh5
30.Nxg2 Bxg2 31.Kxg2 Qg4+ 32.Kh1 Qxd4 33.Qxb7 Qf2 34.Qxa8 Qxe1+ 35.Kg2 Qe2+
36.Kg3 Kg7 37.Qd8 Bd6+  0-1

[Event "Independence Cup"]
[Site "Kyiv UKR"]
[Date "2003.08.15"]
[Round "3"]
[White "Panchenko,AG"]
[Black "Evchin,M"]
[Result "1-0"]
[WhiteElo "2402"]
[BlackElo "2265"]

1.d4 Nf6 2.Bg5 Ne4 3.Bh4 d5 4.f3 g5 5.fxe4 gxh4 6.exd5 Qxd5 7.Nc3 Qa5 8.Nf3 Bg7
9.Qd3 Nc6 10.Qb5 O-O 11.Qxa5 Nxa5 12.Nd5 Bg4 13.c3 Rfd8 14.e4 Rd7 15.Nxh4 e5
16.Ne3 exd4 17.Nxg4 dxc3 18.b3 Re8 19.Nf2 c2 20.Rc1 Bc3+ 21.Ke2 Nc6 22.Nf3 Nb4
23.g3 Bb2 24.Bh3 Rd6 25.Bf5 Rd5 26.Ng4 Rxf5 27.Nh6+  1-0

[Event "Independence Cup"]
[Site "Kyiv UKR"]
[Date "2003.08.16"]
[Round "4"]
[White "Vysochin,S"]
[Black "Shkuran,D"]
[Result "1-0"]
[WhiteElo "2560"]
[BlackElo "2404"]

1.d4 Nf6 2.Bg5 Ne4 3.Bf4 d5 4.f3 Nf6 5.e4 dxe4 6.Nc3 e6 7.fxe4 Bb4 8.Qd3 Nc6
9.Nf3 O-O 10.a3 Be7 11.Be2 a6 12.O-O b5 13.b4 Bb7 14.Rad1 Na7 15.Bc1 a5 16.e5 Nd5
17.Ne4 h6 18.c3 Nb6 19.Rde1 Nc4 20.Bd1 Qd5 21.Bc2 g6 22.Bxh6 Nxa3 23.Bg5 Qd8
24.Nf6+ Kg7 25.bxa5 Rh8 26.Nh4 Nxc2 27.Nh5+  1-0